| LEADER 00000nam 2200000uu 4500 |
| 001 13399110624 |
| 003 ULIBM |
| 008 120503s||||||||th 000 0 tha d |
| 082 ^a651.5^bถ471ร
|
| 100 ^aถวัลย์ สนธิอนุเคราะห์.
|
| 245 ^aระเบียบสำนักนายกรัฐมนตรีว่าด้วยงานสารบรรณ พ.ศ. 2526 /^cโดย ถวัลย์ สนธิอนุเคราะห์.
|
| 250 ^aพิมพ์ครั้งที่ 1.
|
| 260 ^aกรุงเทพมหานคร :^bฟิสิกส์เซ็นเตอร์ การพิมพ์,^cม.ป.ป.
|
| 300 ^a199 หน้า :^bภาพประกอบ ;^c26 ซม.
|
| 650 0 ^aสารบรรณ^xกฎหมายและระเบียบข้อบังคับ.
|
| 650 0 ^aระเบียบปฏิบัติราชการ.
|
| 945 ^p35^l0^i17543
|
| 999 ^aNithiwadee
|
หนังสือดีน่าอ่าน

“ดั่งดวงแก้ว ส่องสว่าง ทางสายงาม”
จัดทำขึ้นเพื่อเฉลิมพระเกียรติ สมเด็จพระเทพรัตนราชสุดา ฯ สยามบรมราชกุมารี
เนื่องในโอกาสมหามงคลเฉลิมพระชนมพรรษา ๕ รอบ ๒ เมษายน ๒๕๕๘
โดยหนังสือเล่มนี้ได้รวบรวม ๖๐ พระอัจฉริยภาพของสมเด็จพระเทพ ฯ
ผู้อ่านจะได้รับแรงบันดาลใจให้พากเพียรเรียนรู้และขยันอดทนทำการงาน
ตามรอยเบื้องพระยุคลบาท เพราะพระองค์ทรงเป็นแบบอย่างอันดีเยี่ยมในทุกด้าน
ทั้งในความใฝ่รู้ใฝ่เรียน คุณธรรมจริยธรรม พระวิริยอุตสาหะในการทรงงาน
และอื่นๆอีกมากมาย ล้วนสามารถสร้างแรงบันดาลใจให้แก่เด็กและเยาวชน
อีกทั้งประชาชนทั่วไป ให้พากเพียรเรียนรู้และขยันอดทนทำการงานตามรอยพระยุคลบาท
เพื่อฝึกฝนตนเองให้เป็นคนดีคนเก่งของครอบครัวและสังคมต่อไป